Designed, sealed, delivered (Record no. 116142)

MARC details
000 -LEADER
fixed length control field 01501cam a2200241 4500
001 - CONTROL NUMBER
control field L159887
008 - FIXED-LENGTH DATA ELEMENTS--GENERAL INFORMATION
fixed length control field 020429n2017 000 0 eng u
035 ## - SYSTEM CONTROL NUMBER
System control number (Sirsi) u159887
041 ## - LANGUAGE CODE
Language code of text/sound track or separate title eng.
050 ## - LIBRARY OF CONGRESS CALL NUMBER
Classification number 690.8
110 ## - MAIN ENTRY--CORPORATE NAME
Corporate name or jurisdiction name as entry element London Assembly
Subordinate unit Planning and Housing Committee
9 (RLIN) 5959
245 ## - TITLE STATEMENT
Title Designed, sealed, delivered
Remainder of title The contribution of offsite manufactured homes to solving London's housing crisis
Medium [electronic resource]
260 ## - PUBLICATION, DISTRIBUTION, ETC.
Place of publication, distribution, etc. London
Name of publisher, distributor, etc. London Assembly
Date of publication, distribution, etc. 2017
520 ## - SUMMARY, ETC.
Summary, etc. Calls on Mayor Sadiq Khan to create a standard design code for offsite manufactured homes (OSM) designating public land, resources and planning powers to incentivise the sector. London needs 50,000 new homes a year to meet its growing needs. To reach this target, an innovative approach is vital. In the seventies, factory-built housing contributed significantly to supply. The new model of factory manufactured homes is light years away from this. Today?s builders and manufacturers are producing offsite manufactured homes (OSM), characterised by high quality, digital design, precision engineering and eco-efficient performance.
650 ## - SUBJECT ADDED ENTRY--TOPICAL TERM
Topical term or geographic name entry element HOUSE BUILDING
650 ## - SUBJECT ADDED ENTRY--TOPICAL TERM
Topical term or geographic name entry element HOUSING DESIGN
650 ## - SUBJECT ADDED ENTRY--TOPICAL TERM
Topical term or geographic name entry element OFFSITE FABRICATION
650 24 - SUBJECT ADDED ENTRY--TOPICAL TERM
Topical term or geographic name entry element Planning and development
9 (RLIN) 6259
651 #4 - SUBJECT ADDED ENTRY--GEOGRAPHIC NAME
Geographic name ENGLAND AND WALES
690 ## - LOCAL SUBJECT ADDED ENTRY--TOPICAL TERM (OCLC, RLIN)
Topical term or geographic name as entry element BUILT ENVIRONMENT
856 ## - ELECTRONIC LOCATION AND ACCESS
Uniform Resource Identifier <a href="https://www.london.gov.uk/sites/default/files/london_assembly_osm_report_0817.pdf">https://www.london.gov.uk/sites/default/files/london_assembly_osm_report_0817.pdf</a>
Public note View this item free of charge at www.london.gov.uk
942 ## - ADDED ENTRY ELEMENTS (KOHA)
Suppress in OPAC 0
Holdings
Withdrawn status Lost status Source of classification or shelving scheme Damaged status Not for loan Home library Current library Shelving location Date acquired Total Checkouts Full call number Barcode Date last seen Copy number Price effective from Koha item type
    Dewey Decimal Classification     Virtual Virtual Online 21/03/2018   ONLINE PUBLICATION 159887-2001 06/08/2019 1 06/08/2019 Book